000 nam a22 7a 4500
999 _c126352
_d126352
008 170324b xxu||||| |||| 00| 0 eng d
050 _aQH331.G736 2004
100 _aGrene, Marjorie
_915072
245 _aThe philosophy of biology : an episodic history
_cMarjorie Grene
260 _aCambridge
_bCambridge university
_c2004
300 _axxi, 416p. ;
_c23cm.
440 _aThe evolution of modern philosophy
_929576
650 _aBiology
_xPhilosophy
_xHistory
_918527
700 _aDepew, David
_929577
942 _2lcc
_cMONOGRAPH